| 000 | 00373nam a2200157Ia 4500 | ||
|---|---|---|---|
| 008 | 230917s9999||||xx |||||||||||||| ||und|| | ||
| 020 | _cFL30 | ||
| 040 |
_e6971 _aMAIN |
||
| 041 | _aEnglish | ||
| 082 | _a153.7 P22P | ||
| 100 | _aPark, Desiree | ||
| 245 | 0 | _aPersons: Theories and perceptions | |
| 260 |
_aThe Hauge _bMartinus _c1973 |
||
| 300 | _a131 p. | ||
| 942 | _cBK | ||
| 999 |
_c210363 _d210363 |
||